[Event "Leiden Noteboom Memorial 75th"]
[Site "Leiden"]
[Date "2015.02.13"]
[Round "1"]
[White "Sprenger, Jan Michael"]
[Black "Heltzel, Joost"]
[Result "1-0"]
[WhiteElo "2496"]
[BlackElo "2224"]
[PlyCount "77"]
[EventDate "2015.02.13"]
[EventType "swiss"]
[EventRounds "6"]
[EventCountry "NED"]
[SourceTitle "CBM 164 Extra"]
[Source "ChessBase"]
[SourceDate "2015.03.02"]
[SourceVersion "1"]
[SourceVersionDate "2015.03.02"]
[SourceQuality "1"]

1. e4 c5 2. Nf3 g6 3. c3 Bg7 4. d4 cxd4 5. cxd4 d5 6. e5 Bg4 7. Nbd2 Qb6 8. h3 Bf5 9. g4 Bd7 10. Qb3 e6 11. Qxb6 axb6 12. Nb1 h5 13. Rg1 hxg4 14. hxg4 Na6 15. Bd2 Ne7 16. Nc3 Nc7 17. Rc1 Nc6 18. Bf4 Bf8 19. Bd3 Bb4 20. a3 Be7 21. Ke2 Kf8 22. Rh1 Rxh1 23. Rxh1 Kg8 24. Ke3 Bf8 25. Bg5 Bg7 26. Bf6 b5 27. Ng5 Bxf6 28. exf6 e5 29. Nxb5 exd4+ 30. Kf4 Ne6+ 31. Nxe6 Bxe6 32. Nc7 Rf8 33. g5 Nd8 34. b4 b6 35. b5 Nb7 36. Nxe6 fxe6 37. Bxg6 Nd6 38. Ke5 Nxb5 39. Bh7+ 1-0

[Event "Vlissingen HZ op 15th"]
[Site "Vlissingen"]
[Date "2011.07.31"]
[Round "3"]
[White "Heltzel, Joost"]
[Black "Hoffmann, Michael"]
[Result "0-1"]
[WhiteElo "2225"]
[BlackElo "2493"]
[PlyCount "56"]
[EventDate "2011.07.30"]
[EventType "swiss"]
[EventRounds "9"]
[EventCountry "NED"]
[SourceTitle "CBM 143 Extra"]
[Source "ChessBase"]
[SourceDate "2011.08.29"]
[SourceVersion "1"]
[SourceVersionDate "2011.08.29"]
[SourceQuality "1"]

1. e4 c5 2. Nf3 d6 3. d4 cxd4 4. Nxd4 Nf6 5. Nc3 a6 6. Bg5 e6 7. f4 Qb6 8. Qd2 Qxb2 9. Rb1 Qa3 10. Bxf6 gxf6 11. f5 Nc6 12. fxe6 fxe6 13. Nxc6 bxc6 14. e5 Bh6 15. Qd3 fxe5 16. Qf3 Ra7 17. Qxc6+ Ke7 18. Bd3 Bd7 19. Qc4 Bf4 20. 0-0 Rc8 21. Rb3 Rxc4 22. Rxa3 Rc8 23. Bxh7 Rh8 24. Bd3 Bxh2+ 25. Kf2 Rf8+ 26. Ke2 Rg8 27. Rxa6 Rc7 28. Ne4 d5 0-1

[Event "Maastricht Limburg op-A 5th"]
[Site "Maastricht"]
[Date "2011.06.13"]
[Round "6"]
[White "Heltzel, Joost"]
[Black "Henrichs, Thomas"]
[Result "0-1"]
[WhiteElo "2228"]
[BlackElo "2469"]
[PlyCount "50"]
[EventDate "2011.06.10"]
[EventType "swiss"]
[EventRounds "7"]
[EventCountry "NED"]
[SourceTitle "CBM 142 Extra"]
[Source "ChessBase"]
[SourceDate "2011.06.27"]
[SourceVersion "1"]
[SourceVersionDate "2011.06.27"]
[SourceQuality "1"]

1. d4 Nf6 2. Nf3 g6 3. c4 Bg7 4. Nc3 d5 5. Qb3 dxc4 6. Qxc4 0-0 7. e4 a6 8. e5 b5 9. Qb3 Nfd7 10. e6 fxe6 11. Be3 Nf6 12. h4 Nc6 13. Rc1 Qd6 14. Be2 Kh8 15. Qc2 Bb7 16. h5 Nxh5 17. Nh4 Kg8 18. Nxg6 hxg6 19. Qxg6 Nf6 20. Ne4 Qb4+ 21. Kf1 Nxd4 22. Bd3 Bxe4 23. Bxe4 Nf5 24. Bxa8 Nxe3+ 25. fxe3 Qd2 0-1

[Event "Maastricht Limburg op-A 5th"]
[Site "Maastricht"]
[Date "2011.06.13"]
[Round "2"]
[White "Heltzel, Joost"]
[Black "Van Foreest, Jorden"]
[Result "1/2-1/2"]
[WhiteElo "2228"]
[BlackElo "2082"]
[PlyCount "80"]
[EventDate "2011.06.10"]
[EventType "swiss"]
[EventRounds "7"]
[EventCountry "NED"]
[SourceTitle "CBM 142 Extra"]
[Source "ChessBase"]
[SourceDate "2011.06.27"]
[SourceVersion "1"]
[SourceVersionDate "2011.06.27"]
[SourceQuality "1"]

1. d4 d5 2. c4 c6 3. Nf3 Nf6 4. Nc3 e6 5. Bg5 dxc4 6. e4 b5 7. e5 h6 8. Bh4 g5 9. Nxg5 hxg5 10. Bxg5 Nbd7 11. exf6 Bb7 12. g3 c5 13. d5 Qb6 14. Bg2 0-0-0 15. 0-0 b4 16. Na4 Qb5 17. a3 exd5 18. axb4 cxb4 19. Be3 Nc5 20. Qg4+ Rd7 21. Nxc5 Bxc5 22. Bxc5 Qxc5 23. Rfe1 Kc7 24. h4 Rhd8 25. Qf4+ Kb6 26. Re5 Qc7 27. Qd4+ Qc5 28. Qf4 Qc7 29. g4 a6 30. h5 d4 31. Bxb7 Kxb7 32. Ra4 Qd6 33. Qe4+ Ka7 34. Rea5 Qxf6 35. g5 Qd6 36. Rxa6+ Qxa6 37. Qc6 Qxa4 38. Qxa4+ Kb7 39. Qxb4+ Ka8 40. Qxc4 d3 1/2-1/2

[Event "Vlissingen HZ op 14th"]
[Site "Vlissingen"]
[Date "2010.08.14"]
[Round "9"]
[White "Rademakers, Maarten"]
[Black "Heltzel, Joost"]
[Result "1/2-1/2"]
[WhiteElo "2041"]
[BlackElo "2250"]
[PlyCount "40"]
[EventDate "2010.08.07"]
[EventType "swiss"]
[EventRounds "9"]
[EventCountry "NED"]
[SourceTitle "CBM 137 Extra"]
[Source "ChessBase"]
[SourceDate "2010.09.01"]
[SourceVersion "1"]
[SourceVersionDate "2010.09.01"]
[SourceQuality "1"]

1. d4 Nf6 2. c4 e5 3. dxe5 Ng4 4. Nf3 Nc6 5. Nc3 Ngxe5 6. Nxe5 Nxe5 7. e3 g6 8. b3 Bg7 9. Bb2 0-0 10. Be2 d6 11. 0-0 f5 12. f4 Nd7 13. Bf3 a5 14. a3 Re8 15. Re1 Nc5 16. Rb1 c6 17. b4 axb4 18. axb4 Ne6 19. b5 Qd7 20. Na4 Qc7 1/2-1/2

[Event "Maastricht Limburg op-A 4th"]
[Site "Maastricht"]
[Date "2010.05.23"]
[Round "4"]
[White "Kuryliw, Ray"]
[Black "Heltzel, Joost"]
[Result "1/2-1/2"]
[WhiteElo "2103"]
[BlackElo "2265"]
[PlyCount "94"]
[EventDate "2010.05.21"]
[EventType "swiss"]
[EventRounds "7"]
[EventCountry "NED"]
[SourceTitle "CBM 136 Extra"]
[Source "ChessBase"]
[SourceDate "2010.07.02"]
[SourceVersion "2"]
[SourceVersionDate "2010.07.15"]
[SourceQuality "1"]

1. e4 c5 2. Nc3 a6 3. g3 b5 4. a4 b4 5. Nd5 e6 6. Ne3 Bb7 7. Bg2 Nf6 8. d3 d5 9. e5 Nfd7 10. f4 Nc6 11. Nf3 g6 12. b3 a5 13. Bb2 Nb6 14. 0-0 Qc7 15. Kh1 0-0-0 16. Qe2 Kb8 17. Rad1 Rc8 18. Rfe1 h5 19. h3 Bh6 20. h4 Ne7 21. Kg1 d4 22. Nf1 Nbd5 23. N3d2 Nf5 24. Bxd5 exd5 25. Nf3 Rce8 26. Qf2 Bc8 27. Bc1 Be6 28. Re2 Re7 29. Rde1 Rhe8 30. Ng5 Bxg5 31. fxg5 Qa7 32. Nh2 Rc7 33. Bf4 Rc6 34. Nf3 Rec8 35. Rd1 Ka8 36. Rb1 Ng7 37. Qg2 Qd7 38. Kh2 Ka7 39. Qf2 Ka6 40. Rd2 Bf5 41. e6 Rxe6 42. Ne5 Qe8 43. Re2 Bg4 44. Ree1 Bf5 45. Nf3 Rxe1 46. Rxe1 Be6 47. Ne5 Ra8 1/2-1/2

[Event "Vlissingen HZ op 13th"]
[Site "Vlissingen"]
[Date "2009.08.08"]
[Round "9"]
[White "Leenhouts, Koen"]
[Black "Heltzel, Joost"]
[Result "1/2-1/2"]
[WhiteElo "2413"]
[BlackElo "2262"]
[PlyCount "109"]
[EventDate "2009.08.01"]
[EventType "swiss"]
[EventRounds "9"]
[EventCountry "NED"]
[SourceTitle "CBM 131 Extra"]
[Source "ChessBase"]
[SourceDate "2009.09.03"]
[SourceVersion "2"]
[SourceVersionDate "2009.09.16"]
[SourceQuality "1"]

1. d4 Nf6 2. Nf3 g6 3. c4 Bg7 4. Nc3 0-0 5. e4 d6 6. Be2 Nbd7 7. 0-0 e5 8. d5 Nc5 9. Qc2 a5 10. Bg5 h6 11. Bh4 Qe8 12. Nb5 Qd7 13. Nd2 Ne8 14. f3 f5 15. Bf2 f4 16. a3 a4 17. b4 axb3 18. Nxb3 b6 19. a4 g5 20. a5 Nxb3 21. Qxb3 bxa5 22. c5 h5 23. Rfc1 g4 24. Be1 gxf3 25. Qxf3 dxc5 26. Rxc5 Qe7 27. Qf2 Bg4 28. Bc4 Kh8 29. h3 Bc8 30. Rxa5 Rxa5 31. Bxa5 Qg5 32. Qf3 Bxh3 33. Qxh3 f3 34. Be1 Nf6 35. Qxf3 Nd7 36. Qa3 Nxc5 37. Qxc5 Qc1 38. Qb4 Qe3+ 39. Kh2 Qxe4 40. d6 cxd6 41. Nxd6 Qf4+ 42. Bg3 Qd4 43. Nb5 Qe4 44. Nd6 Qd4 45. Qa3 h4 46. Be1 Qf4+ 47. Kh1 e4 48. Bc3 h3 49. Bxg7+ Kxg7 50. gxh3 Qf3+ 51. Qxf3 exf3 52. Bf1 Kf6 53. Nc4 Kf5 54. Kh2 Kf4 55. Nb2 1/2-1/2

[Event "Vlissingen HZ op 13th"]
[Site "Vlissingen"]
[Date "2009.08.06"]
[Round "7"]
[White "Roeder, Mathias"]
[Black "Heltzel, Joost"]
[Result "1/2-1/2"]
[WhiteElo "2438"]
[BlackElo "2262"]
[PlyCount "160"]
[EventDate "2009.08.01"]
[EventType "swiss"]
[EventRounds "9"]
[EventCountry "NED"]
[SourceTitle "CBM 131 Extra"]
[Source "ChessBase"]
[SourceDate "2009.09.03"]
[SourceVersion "2"]
[SourceVersionDate "2009.09.16"]
[SourceQuality "1"]

1. Nf3 g6 2. c4 Bg7 3. d4 Nf6 4. Nc3 0-0 5. e4 d6 6. h3 e5 7. d5 Nh5 8. Nh2 Na6 9. g3 Qe8 10. Be2 Nf6 11. Ng4 Nd7 12. Nh6+ Kh8 13. g4 Nf6 14. h4 Ng8 15. Nxg8 Kxg8 16. h5 Qe7 17. Be3 g5 18. a3 h6 19. b4 c5 20. Rb1 b6 21. Kf1 Rd8 22. Kg2 Bf8 23. Qd3 Bd7 24. Rhc1 Be8 25. Bd1 Rdc8 26. f3 Qc7 27. Na2 Qd8 28. Bb3 Bg7 29. Qd1 Qd7 30. Nc3 Qd8 31. Ba2 Qe7 32. Bd2 Qd8 33. Ne2 Bd7 34. Ng3 Kh8 35. Nf1 Qe8 36. Bb3 Rc7 37. Ne3 Rac8 38. Qe2 Kh7 39. Qd3 Kh8 40. Nd1 Kg8 41. Nb2 Kh8 42. Qe2 Kg8 43. Qd1 Kh8 44. Nd3 Kg8 45. Be3 Kh8 46. bxc5 Nxc5 47. Bxc5 bxc5 48. Bc2 Rb8 49. Rxb8 Qxb8 50. Rb1 Rb7 51. Rxb7 Qxb7 52. Ba4 Bc8 53. Qc2 Kg8 54. Kf1 Kf8 55. Ke2 Bf6 56. Bb5 a6 57. Bc6 Qb8 58. Nc1 Bd8 59. Nb3 Qb6 60. Qc3 Kg8 61. Kd1 Kf8 62. Kc2 Kg8 63. Nd2 Qb8 64. Nb1 Qb6 65. Qa1 Kf8 66. Nd2 Qb8 67. Nb3 Qb6 68. Kb2 Kg8 69. Ka2 Kf8 70. Qe1 Kg8 71. Qc3 Kf8 72. a4 Kg8 73. a5 Qb8 74. Kb2 Kf8 75. Kc2 Kg8 76. Kb2 Kf8 77. Ka3 Kg8 78. Ka4 Kf8 79. Ka3 Kg8 80. Kb2 Kf8 1/2-1/2

[Event "Vlissingen HZ op 13th"]
[Site "Vlissingen"]
[Date "2009.08.04"]
[Round "5"]
[White "Oosterom, Erik"]
[Black "Heltzel, Joost"]
[Result "0-1"]
[WhiteElo "2128"]
[BlackElo "2262"]
[PlyCount "72"]
[EventDate "2009.08.01"]
[EventType "swiss"]
[EventRounds "9"]
[EventCountry "NED"]
[SourceTitle "CBM 131 Extra"]
[Source "ChessBase"]
[SourceDate "2009.09.03"]
[SourceVersion "2"]
[SourceVersionDate "2009.09.16"]
[SourceQuality "1"]

1. d4 Nf6 2. c4 e5 3. dxe5 Ng4 4. Bf4 Nc6 5. Nf3 Bb4+ 6. Nbd2 f6 7. h3 fxe5 8. hxg4 exf4 9. Qb1 g6 10. Qe4+ Qe7 11. Qxf4 d6 12. 0-0-0 Be6 13. e3 0-0-0 14. Be2 Rhf8 15. Qg5 Qd7 16. Ne4 Qf7 17. Kb1 d5 18. Ng3 dxc4 19. a3 Be7 20. Qb5 c3 21. bxc3 Rxd1+ 22. Rxd1 Bb3 23. Rd2 a6 24. Qd3 Rd8 25. Qe4 Rxd2 26. Nxd2 Bd5 27. Qf4 Qg7 28. Bc4 Qxc3 29. Bxd5 Qd3+ 30. Ka1 Qxa3+ 31. Ba2 Qc3+ 32. Kb1 Qxd2 33. Ne4 Qd3+ 34. Ka1 Kb8 35. g5 Nb4 36. Qe5 Qd1+ 0-1

[Event "Maastricht Limburg op 3rd"]
[Site "Maastricht"]
[Date "2009.06.01"]
[Round "7"]
[White "Heltzel, Joost"]
[Black "Rendboe, John Filip"]
[Result "1/2-1/2"]
[WhiteElo "2267"]
[BlackElo "2199"]
[PlyCount "47"]
[EventDate "2009.05.29"]
[EventType "swiss"]
[EventRounds "7"]
[EventCountry "NED"]
[SourceTitle "CBM 130 Extra"]
[Source "ChessBase"]
[SourceDate "2009.07.02"]
[SourceVersion "2"]
[SourceVersionDate "2009.07.15"]
[SourceQuality "1"]

1. Nf3 Nf6 2. g3 g6 3. Bg2 Bg7 4. 0-0 0-0 5. c4 c5 6. Nc3 d5 7. cxd5 Nxd5 8. Nxd5 Qxd5 9. d3 Nc6 10. Qa4 Qd6 11. Qh4 Nd4 12. Nxd4 Bxd4 13. a3 Rb8 14. Bf4 Be5 15. Bxe5 Qxe5 16. Qe4 Qxe4 17. Bxe4 Be6 18. Rfc1 Rfc8 19. Rc2 c4 20. dxc4 Rxc4 21. Rxc4 Bxc4 22. Rc1 b5 23. Bd3 Bxd3 24. exd3 1/2-1/2

[Event "Maastricht Limburg op 3rd"]
[Site "Maastricht"]
[Date "2009.05.31"]
[Round "5"]
[White "Heltzel, Joost"]
[Black "Glimmerveen, Martin"]
[Result "1-0"]
[WhiteElo "2267"]
[BlackElo "2064"]
[PlyCount "101"]
[EventDate "2009.05.29"]
[EventType "swiss"]
[EventRounds "7"]
[EventCountry "NED"]
[SourceTitle "CBM 130 Extra"]
[Source "ChessBase"]
[SourceDate "2009.07.02"]
[SourceVersion "2"]
[SourceVersionDate "2009.07.15"]
[SourceQuality "1"]

1. Nf3 Nf6 2. g3 d5 3. Bg2 Nbd7 4. 0-0 e5 5. d3 Bd6 6. Nbd2 0-0 7. e4 c6 8. Nh4 Re8 9. h3 Nf8 10. Re1 Qb6 11. Qf3 Ne6 12. Nb3 dxe4 13. dxe4 c5 14. Nf5 Nd4 15. Nbxd4 cxd4 16. Nxd6 Qxd6 17. c3 dxc3 18. Qxc3 Bd7 19. Be3 Rac8 20. Qa5 a6 21. Rad1 Qe6 22. Bc5 Qc4 23. Rc1 Qb5 24. Qxb5 Bxb5 25. Bb6 Nd7 26. Be3 Nf8 27. Bf1 Bc6 28. f3 Rcd8 29. Bxa6 Bxe4 30. Bb5 Bxf3 31. Bxe8 Rxe8 32. Rc3 Bc6 33. Rec1 Ng6 34. Rd1 f5 35. Bb6 Kf7 36. Rd8 Re6 37. Bc5 e4 38. b3 Ne5 39. Rf8+ Kg6 40. Kf2 Nd7 41. Rd8 Re5 42. Bd6 Rd5 43. Rxc6 bxc6 44. Rxd7 Rd2+ 45. Ke1 Rxa2 46. Be5 Ra5 47. Rxg7+ Kh6 48. Re7 Rb5 49. Re6+ Kh5 50. Bf4 Rxb3 51. Rh6# 1-0

[Event "Vlissingen HZ op 07th"]
[Site "Vlissingen"]
[Date "2003.08.09"]
[Round "9"]
[White "Van Leent, Dmitri"]
[Black "Heltzel, Joost"]
[Result "1/2-1/2"]
[WhiteElo "2208"]
[BlackElo "2078"]
[PlyCount "64"]
[EventDate "2003.08.02"]
[EventType "swiss"]
[EventRounds "9"]
[EventCountry "NED"]
[SourceTitle "CBM 095 Extra"]
[Source "ChessBase"]
[SourceDate "2003.09.04"]
[SourceVersion "1"]
[SourceVersionDate "2003.09.04"]
[SourceQuality "1"]

1. c4 e5 2. g3 Nf6 3. Bg2 d5 4. cxd5 Nxd5 5. Nf3 Nc6 6. 0-0 Be7 7. d3 0-0 8. Nbd2 Nb6 9. a3 a5 10. b3 f5 11. Bb2 Bf6 12. Rc1 Re8 13. Qc2 Be6 14. e3 Qd7 15. Rfd1 Rad8 16. d4 e4 17. Ne1 Qf7 18. Bf1 Be7 19. Nc4 Nd5 20. Qd2 Ra8 21. Ng2 g5 22. Qe1 Rf8 23. Nd2 g4 24. Nf4 Nxf4 25. exf4 Rfd8 26. Qe3 Bd5 27. Nc4 Qe6 28. Bc3 Bf6 29. Ne5 Bxe5 30. fxe5 Bxb3 31. d5 Bxd5 32. Rxd5 Rxd5 1/2-1/2

[Event "Vlissingen HZ op 07th"]
[Site "Vlissingen"]
[Date "2003.08.03"]
[Round "3"]
[White "Meenakshi, Subbaraman"]
[Black "Heltzel, Joost"]
[Result "1/2-1/2"]
[WhiteElo "2319"]
[BlackElo "2078"]
[PlyCount "34"]
[EventDate "2003.08.02"]
[EventType "swiss"]
[EventRounds "9"]
[EventCountry "NED"]
[SourceTitle "CBM 095 Extra"]
[Source "ChessBase"]
[SourceDate "2003.09.04"]
[SourceVersion "1"]
[SourceVersionDate "2003.09.04"]
[SourceQuality "1"]

1. d4 d5 2. c4 Bf5 3. Nc3 e6 4. Nf3 c6 5. cxd5 exd5 6. g3 Nf6 7. Bg2 Nbd7 8. 0-0 h6 9. Bf4 g5 10. Be5 Nxe5 11. dxe5 Ne4 12. Nd4 Bg6 13. e6 f5 14. Qc2 Bg7 15. Nb3 Nxc3 16. bxc3 Qd6 17. Rad1 Qxe6 1/2-1/2

[Event "Dieren op"]
[Site "Dieren"]
[Date "2003.07.31"]
[Round "9"]
[White "Heltzel, Joost"]
[Black "Struik, Tjapko"]
[Result "1/2-1/2"]
[WhiteElo "2078"]
[BlackElo "2189"]
[PlyCount "22"]
[EventDate "2003.07.22"]
[EventType "swiss"]
[EventRounds "9"]
[EventCountry "NED"]
[SourceTitle "CBM 095 Extra"]
[Source "ChessBase"]
[SourceDate "2003.09.04"]
[SourceVersion "1"]
[SourceVersionDate "2003.09.04"]
[SourceQuality "1"]

1. Nf3 c5 2. c4 Nf6 3. Nc3 Nc6 4. g3 d5 5. cxd5 Nxd5 6. Bg2 Nc7 7. 0-0 e5 8. d3 Be7 9. Be3 Rb8 10. Nd2 Bd7 11. f4 exf4 1/2-1/2

[Event "Dieren op"]
[Site "Dieren"]
[Date "2003.07.22"]
[Round "1"]
[White "Heltzel, Joost"]
[Black "Smits, Mark"]
[Result "1-0"]
[WhiteElo "2078"]
[BlackElo "2239"]
[PlyCount "81"]
[EventDate "2003.07.22"]
[EventType "swiss"]
[EventRounds "9"]
[EventCountry "NED"]
[SourceTitle "CBM 095 Extra"]
[Source "ChessBase"]
[SourceDate "2003.09.04"]
[SourceVersion "1"]
[SourceVersionDate "2003.09.04"]
[SourceQuality "1"]

1. d4 Nf6 2. c4 g6 3. Nc3 Bg7 4. e4 d6 5. Nf3 0-0 6. Be2 e5 7. 0-0 Nc6 8. d5 Ne7 9. Ne1 Nd7 10. Be3 f5 11. f3 f4 12. Bf2 g5 13. a4 Ng6 14. a5 h5 15. Nb5 Nf6 16. Nxa7 Bd7 17. c5 g4 18. c6 g3 19. hxg3 fxg3 20. Bxg3 Rxa7 21. cxd7 h4 22. Bf2 Ra8 23. Bb5 Bh6 24. Nd3 Rf7 25. a6 bxa6 26. Bc6 Rb8 27. Ba7 Nxd7 28. Bxd7 Rxd7 29. Bxb8 Qxb8 30. Rxa6 Rg7 31. Qa4 Kh7 32. Kh1 Qd8 33. Qc2 Be3 34. Nf2 Nf4 35. Ng4 Bd4 36. Rc6 Nh5 37. Rc1 h3 38. Rxc7 hxg2+ 39. Kxg2 Nf4+ 40. Kf1 Bb6 41. Qh2+ 1-0

[Event "Haarlem Nova College op 1st"]
[Site "Haarlem"]
[Date "2002.07.06"]
[Round "3"]
[White "Heltzel, Joost"]
[Black "Lalic, Bogdan"]
[Result "0-1"]
[WhiteElo "2115"]
[BlackElo "2540"]
[PlyCount "70"]
[EventDate "2002.07.05"]
[EventType "swiss"]
[EventRounds "6"]
[EventCountry "NED"]
[SourceTitle "CBM 089 Extra"]
[Source "ChessBase"]
[SourceDate "2002.09.10"]
[SourceVersion "2"]
[SourceVersionDate "2002.09.10"]
[SourceQuality "1"]

1. d4 e6 2. c4 Bb4+ 3. Bd2 Qe7 4. Nf3 Nf6 5. a3 Bxd2+ 6. Nbxd2 d6 7. e3 e5 8. dxe5 dxe5 9. Be2 0-0 10. 0-0 c5 11. h3 e4 12. Nh2 Nc6 13. Qc2 Qe5 14. Rfd1 Re8 15. Nb1 Qg5 16. Kh1 Ne5 17. Nc3 Bd7 18. Rd2 Bc6 19. Nd5 Bxd5 20. cxd5 c4 21. Rd4 Nd3 22. Kg1 Nxd5 23. Bxd3 cxd3 24. Qc5 Rad8 25. h4 b6 26. Qb5 Qf5 27. Qa4 Qe6 28. Qxa7 Nf4 29. Rb4 Ne2+ 30. Kf1 Qd6 31. g3 Nxg3+ 32. Kg2 Nf5 33. Rxb6 Qc5 34. Kh3 d2 35. Rd1 Nxe3 0-1